01585nab a22002297a 4500003000400000005001700004008004100021040000700062100003400069245008700103260007300190300001500263500007500278505066200353505008901015650002701104650002801131650001801159650002001177650002201197773013601219OSt20260131211136.0190603e xxum|||| |||| 00| 0 spa d cPJ aBarocelli, Sergio Sebastián10aDimensión colectiva del derecho del consumidor /cSergio Sebastián Barocelli.  cCiudad Autónoma de Buenos Aires :aThomson Reuters La Ley, b2025. ap. 297-308 aCita: TR LALEY AR/DOC/2862/2025 Publicado en: RCCyC 2025 (Diciembre). aSumario: I. Introducción.— II. Dimensión colectiva de la categoría jurídica "relación de consumo".— III. Dimensión colectiva del concepto de consumidor.— IV. Dimensión colectiva de la hipervulnerabilidad.— V. Dimensión colectiva del concepto de proveedor.— VI. Visibilización de una dimensión colectiva del orden público.— VII. Dimensión colectiva de los derechos de los consumidores.— VIII. Dimensión colectiva de las prácticas y cláusulas comerciales.— IX. Dimensión colectiva de las herramientas de tutela y mecanismos de implementación de los derechos de los consumidores.— X. A modo de conclusión.  t¿Te interesa el texto completo? Solicitalo al correo: koha@justierradelfuego.gov.ar 0aDEFENSA DEL CONSUMIDOR 0aDERECHOS DEL CONSUMIDOR 0aORDEN PUBLICO 0aDAÑO PUNITIVO 0aACCION PREVENTIVA0 02713dCiudad Autónoma de Buenos Aires : Thomson Reuters La Ley, 2015-tRevista Código Civil y Comercial. Nº 6 - Diciembre 2025